E proibido repetir

Đã lưu trong:
Chi tiết về thư mục
Tác giả chính: Silva, Rose Neubauer da (Tác giả)
Định dạng: Sách
Ngôn ngữ:Tiếng Bồ Đào Nha
Được phát hành: Brasilia Mec/Unesco 1993
Loạt:Atualidades pedagógicas, 4
Những chủ đề:
Các nhãn: Thêm thẻ
Không có thẻ, Là người đầu tiên thẻ bản ghi này!

MARC

LEADER 00000nam a2200000 a 4500
001 UCT9810
003 CL-VaPUC
008 970412e19930000BL |||||||||||||||||por|d
082 0 4 |a 371.92  |b SIL  |2 21 
100 0 |a Silva, Rose Neubauer da  |e author  |9 382854 
245 1 0 |a E proibido repetir 
300 |a 62 p 
942 |c BK 
945 |d 19970412 00:00:00  |a amoreno 
260 |a Brasilia  |b Mec/Unesco  |c 1993 
650 0 |a Educación  |9 258661 
650 7 |a TRANSTORNOS DE APRENDIZAJE  |2 CL-VaPUC  |9 382855 
650 0 |a Niños  |9 255605 
650 7 |a REPITENCIA ESCOLAR  |2 CL-VaPUC  |9 382856 
651 0 |a Brasil  |9 267393 
583 |a last modification  |c 19970412 00:00:00  |k Rodrigo Vera 
490 0 |a Atualidades pedagógicas, 4 
999 |c 258183  |d 258181 
952 |0 0  |1 0  |4 0  |6 371_920000000000000_SIL_1993  |7 0  |8 A  |9 282090  |a BIBEDU  |b BIBEDU  |d 2019-11-19  |i 328834K  |o 371.92 SIL 1993  |p 328834K  |r 2019-11-19  |w 2019-11-19  |y BK  |k EDU